| 000 | 01762cam a2200385 i 4500 | ||
|---|---|---|---|
| 001 | EDZ0000085671 | ||
| 003 | StDuBDS | ||
| 005 | 20161031105126.0 | ||
| 006 | m||||||||d|||||||| | ||
| 007 | cr ||||||||||| | ||
| 008 | 120522s2012 cau fo| 001|0|eng|d | ||
| 020 |
_a9781452244075 (ebook) : _cNo price |
||
| 040 |
_aStDuBDS _beng _cStDuBDS _erda _epn |
||
| 049 | _aAlfaisal Main Library | ||
| 050 | 0 |
_aBF636.7.C76 _bF38 2012 |
|
| 082 | 0 | 4 |
_a361.06 _223 |
| 100 | 1 |
_aFawcett, Mary L., _eauthor. |
|
| 245 | 1 | 0 |
_aExperiential approach for developing multicultural counseling competence / _cMary L. Fawcett, Kathy M. Evans. |
| 264 | 1 |
_aThousand Oaks, California : _bSAGE Publications, _c2012. |
|
| 300 | _a1 online resource (xi, 205 pages) | ||
| 336 |
_atext _2rdacontent |
||
| 337 |
_acomputer _2rdamedia |
||
| 338 |
_aonline resource _2rdacarrier |
||
| 504 | _aIncludes bibliographical references and index. | ||
| 520 | 8 | _aThis book is for students preparing for a career in counseling or mental health. It helps them develop the key skills of working effectively wih clients fom diverse backgrounds by providing a ready-made resource of multicultural and diversity activities that instructors can assign to enhance student learning in class. | |
| 521 | _aSpecialized. | ||
| 588 | _aDescription based on online resource; title from home page (viewed on December 15, 2014). | ||
| 650 | 0 | _aCross-cultural counseling. | |
| 655 | 7 |
_aElectronic books. _2local |
|
| 700 | 1 |
_aEvans, Kathy M., _eauthor. |
|
| 710 | 2 | _aSage eBooks | |
| 776 | 0 | 8 |
_iPrint version : _z9781412996525 |
| 856 | 4 | 0 | _uhttp://ezproxy.alfaisal.edu/login?url=http://sk.sagepub.com/books/experiential-approach-for-developing-multicultural-counseling-competence |
| 942 |
_2lcc _cEBOOKS |
||
| 999 |
_c479847 _d479847 |
||